| 000 | 00505 a2200169 4500 | ||
|---|---|---|---|
| 020 | _a0860372871 | ||
| 040 |
_aDLC _bDLC |
||
| 082 | _a297 | ||
| 245 |
_aIslam: its meaning and message _cedited by Khurshid Ahmad ; foreword by Salem Azzam |
||
| 250 | _a3rd ed. | ||
| 260 |
_aLondon : _bIslamic Council of Europe : distributed by News and Media, _cc1999. |
||
| 300 |
_a279 p. : _c22 cm. |
||
| 500 | _aIncludes index. | ||
| 650 | _aIslam. | ||
| 700 |
_aAhmad, Khurshid. _9125703 |
||
| 942 |
_cCSS _k297 KHU _2ddc |
||
| 999 |
_c4464 _d4464 |
||